| 000 | 01311na a2200325 4500 | ||
|---|---|---|---|
| 001 | 13192 | ||
| 003 | MIRAKIL | ||
| 005 | 20181213154842.0 | ||
| 008 | 161004b tu 000 0 | ||
| 020 | _a975192328X | ||
| 035 | _a13192 | ||
| 040 |
_aMilas _btur _cTR-AnCHP |
||
| 082 |
_a370.82 _bC45s 1999 |
||
| 090 | _a370.82 C45s 1999 | ||
| 245 |
_aCinsiyete dayalı ayrımcılık _bTürkiye'de eğitim sektörü örneği _caraştırmacılar Feride Acar, Ayşe Güneş Ayata, Demet Varoğlu |
||
| 260 |
_aAnkara _bBaşbakanlık Kadının Statüsü ve Sorunları Genel Müdürlüğü _c1999 |
||
| 300 |
_axii, 142 s. _btbl. _c24 sm. |
||
| 500 | _aİç kapak yapıt adı: Cinsiyete dayalı ayrımcılık : Türkiye'de eğitim sektörü örneği : cinsiyete dayalı ayrımcılık ve kadın çalışanlara karşı tutumlar : Türkiye'de eğitim sektörü örneği | ||
| 504 | _aKaynakça var. | ||
| 650 |
_aCinsiyet ayrımı _xEğitim _zTürkiye |
||
| 650 |
_aKadın sorunu _xTürkiye _zTürkiye |
||
| 650 |
_aKadınlar _xSosyal durum _zTürkiye |
||
| 650 |
_aKadınlar _xEğitim _zTürkiye |
||
| 650 |
_aCinsel ayrımcılık, Eğitimde _xTürkiye |
||
| 657 | _aEğitimde cinsel ayrımcılık | ||
| 700 | _aVaroğlu, Demet | ||
| 700 | _aAyata, Ayşe Güneş | ||
| 700 | _aAcar, Feride | ||
| 942 |
_2dcc _cBKS |
||
| 999 |
_c2019 _d2019 |
||